إدارة البيئة : نحو الإنتاح الأنظف/

Saved in:
书目详细资料
企业作者: الهيئة المصرية العامة للكتاب
格式: 图书
语言:阿拉伯语
出版: القاهرة : الهيئة المصرية العامة للكتاب 2007
丛编:العلوم التكنولوجيا
主题:
标签: 添加标签
没有标签, 成为第一个标记此记录!

MARC

LEADER 00000nam a22000007a 4500
003 INP
005 20230124103202.0
008 230118b xxu||||| |||| 00| 0 ara d
952 |0 0  |1 0  |4 0  |6 301_310000000000000_إ_ز  |7 0  |8 arabic_Boo  |9 21963  |a INP  |b INP  |c MAIN  |d 2023-01-18  |l 0  |o 301.31 إ.ز  |p 023150  |r 2023-01-18 00:00:00  |w 2023-01-18  |y BK 
999 |c 17667  |d 17667 
017 |a 2007/20226  |b الهيئة المصرية العامة للكتاب  
020 |a 977-419-957 
040 |a EG-INP  |b ara  |c EG-INP 
082 |2 21  |a 301.31  |b إ. ز 
110 |a الهيئة المصرية العامة للكتاب 
245 |a إدارة البيئة : نحو الإنتاح الأنظف/  |c زكريا طاحون  
260 |a القاهرة :  |b الهيئة المصرية العامة للكتاب   |c 2007 
300 |a 320 ص.‘  |c 24سم.  
490 |a العلوم التكنولوجيا  
504 |a تجىء أهمية هذا الكتاب بعد تدهور البيئة معدلات غير مسبوقة وبعد ان انتقل الحدين عن مخاطر البيئة من حلقات البحث العلمي ودوائر المختصين والعلماء علي موائد الحوار العادى بين كافة حلقات المجتمع  
650 |2 qrmak  |a العلوم التكنولوجيا  
650 |2 qrmak  |a ادارة البيئة 
650 |2 qrmak  |a البيئة والانسان 
650 |2 qrmak  |a البيئة 
901 |a EGPV30  
902 |a egpv34 
903 |a original 
942 |2 ddc  |c BK